00675nam a2200145 a 450000100100000000500170001000800410002704000250006824502130009326000720030630000200037804900090039895201050040799900170051200003221520200930063528.0110713s19uu dr 000 0 spa d aDO-SdBNPbspacBNPHU00aMessage addressed to his countrymen by the generalissimo, Dr. Rafael Leónidas Trujillo Molina benefactor of the country, on the tenth anniversary of assuming the political direction of the dominican people. aCiudad Trujillo, República Dominicaa :bListín Diario,c[195?]. a15 p. ;c22 cm. aBNPD 0010718PDaPDbPDcCTd2011-07-13iLF1l0o p32215-10r2020-06-25w2020-06-25yLFPDZNo se presta c31706d31706